• 首页
  • 本馆介绍
  • 公告通知
  • 最新文献
  • 馆藏检索
  • 电子资源
  • 读者导购
  • 参考咨询
  • 我的图书馆
  • 登录
  • 详细信息显示
  • 放入我的书架
  • 预约/预借图书
  • 作者相关作品
  • 分类相关作品
  • 丛书相关作品
  • 出版社相关作品

书目信息

  • 表格格式
  • 工作单格式
  • 卡片格式
题名:
手风琴技巧训练
    
 
作者: 杨文涛 著
分册:  
出版信息: 北京   人民音乐出版社  1986.2
页数: 224页
开本: 26cm
丛书名:
单 册:
中图分类: J423.3
科图分类:
主题词: 摄影艺术--中国
电子资源:
ISBN:
000 00495nam0 2200181 45
001 0312221749
005 20060515152730.85
010    @dCNY4.75
100    @a20031222d1986 km y0chiy0120 ea
101    @achi
200 1  @a手风琴技巧训练@AShou Feng Qin Ji Qiao Xun Lian@f杨文涛著@FYang Wen Tao Zhu
210    @a北京@c人民音乐出版社@d1986.2
215    @a224页@d26cm
606 0  @a摄影艺术@x中国
690    @aJ423.3@v3
701 0  @a杨文涛@4著
801    @aCN@bTSTCL@c20060515
905    @a213230@dJ423.3@e16
    
    手风琴技巧训练/杨文涛著.-北京:人民音乐出版社,1986.2
    224页;26cm
    
    
    ISBN :CNY4.75
    
●
相关链接 在E读中查询图书 在五车中查询图书 在当当中查询图书 在豆瓣中查询图书


正题名:手风琴技巧训练     索取号:J423.3/16         预约/预借

序号 登录号 条形码 馆藏地/架位号 状态 备注
1 0161437   202348469   密集书库/ [索取号:J423.3/16] 在馆    
唐山师范学院图书馆 欢迎您!
大连网信软件有限公司© 版权所有